Kế toán ngân hàng : Tài liệu hướng dẫn học tập
Nội dung sách giới thiệu tổng quan về ngân hàng, kế toán nguồn vốn ngân hàng thương mại, kế toán nghiệp vụ thanh toán vốn giữa các ngân hàng. Kế toán nghiệp vụ ngân quỹ và nghiệp vụ thanh toán không dùng tiền mặt....
Zapisane w:
| 1. autor: | |
|---|---|
| Format: | Książka |
| Język: | Undetermined |
| Wydane: |
Cần Thơ
Nxb. Đại học Cần Thơ
2013
|
| Hasła przedmiotowe: | |
| Etykiety: |
Dodaj etykietę
Nie ma etykietki, Dołącz pierwszą etykiete!
|
| Thư viện lưu trữ: | Trung tâm Học liệu Trường Đại học Cần Thơ |
|---|
| LEADER | 01032nam a2200217Ia 4500 | ||
|---|---|---|---|
| 001 | CTU_225426 | ||
| 008 | 210402s9999 xx 000 0 und d | ||
| 082 | |a 657.76 | ||
| 082 | |b D513 | ||
| 100 | |a Trần, Quốc Dũng | ||
| 245 | 0 | |a Kế toán ngân hàng : | |
| 245 | 0 | |b Tài liệu hướng dẫn học tập | |
| 245 | 0 | |c Trần Quốc Dũng (Biên soạn) | |
| 260 | |a Cần Thơ | ||
| 260 | |b Nxb. Đại học Cần Thơ | ||
| 260 | |c 2013 | ||
| 520 | |a Nội dung sách giới thiệu tổng quan về ngân hàng, kế toán nguồn vốn ngân hàng thương mại, kế toán nghiệp vụ thanh toán vốn giữa các ngân hàng. Kế toán nghiệp vụ ngân quỹ và nghiệp vụ thanh toán không dùng tiền mặt. | ||
| 650 | |a Ngân hàng và hoạt động ngân hàng,Banks and banking | ||
| 650 | |x Kế toán,Accounting | ||
| 910 | |b dqhieu | ||
| 980 | |a Trung tâm Học liệu Trường Đại học Cần Thơ | ||